<?xml version="1.0" encoding="UTF-8"?>
<record
    xmlns:xsi="http://www.w3.org/2001/XMLSchema-instance"
    xsi:schemaLocation="http://www.loc.gov/MARC21/slim http://www.loc.gov/standards/marcxml/schema/MARC21slim.xsd"
    xmlns="http://www.loc.gov/MARC21/slim">

  <leader>00382nam a2200145Ia 4500</leader>
  <controlfield tag="008">191201s2013    xx            000 0 und d</controlfield>
  <datafield tag="082" ind1=" " ind2=" ">
    <subfield code="a">005.43</subfield>
    <subfield code="b">DHO</subfield>
  </datafield>
  <datafield tag="100" ind1=" " ind2=" ">
    <subfield code="a">Dhamdhere, D M</subfield>
  </datafield>
  <datafield tag="245" ind1=" " ind2="0">
    <subfield code="a">Operating Systems A Concept Based Approach</subfield>
  </datafield>
  <datafield tag="250" ind1=" " ind2=" ">
    <subfield code="a">Rep</subfield>
  </datafield>
  <datafield tag="260" ind1=" " ind2=" ">
    <subfield code="a">N.Delhi</subfield>
    <subfield code="b">Tata mc Graw Hill Pubg. co. Ltd</subfield>
    <subfield code="c">2013</subfield>
  </datafield>
  <datafield tag="300" ind1=" " ind2=" ">
    <subfield code="a">828</subfield>
  </datafield>
  <datafield tag="650" ind1=" " ind2=" ">
    <subfield code="a">B.Tech(CSE)</subfield>
  </datafield>
  <datafield tag="942" ind1=" " ind2=" ">
    <subfield code="2">ddc</subfield>
    <subfield code="c">BK</subfield>
    <subfield code="0">7</subfield>
  </datafield>
  <datafield tag="999" ind1=" " ind2=" ">
    <subfield code="c">6000</subfield>
    <subfield code="d">6000</subfield>
  </datafield>
  <datafield tag="952" ind1=" " ind2=" ">
    <subfield code="0">0</subfield>
    <subfield code="1">0</subfield>
    <subfield code="2">ddc</subfield>
    <subfield code="4">0</subfield>
    <subfield code="7">0</subfield>
    <subfield code="8">BTECHCSE</subfield>
    <subfield code="a">PIET</subfield>
    <subfield code="b">PIET</subfield>
    <subfield code="d">2014-08-26</subfield>
    <subfield code="e">Orange Books International</subfield>
    <subfield code="g">625.00</subfield>
    <subfield code="k">4603</subfield>
    <subfield code="l">4</subfield>
    <subfield code="o">005.43 DHO</subfield>
    <subfield code="p">24826</subfield>
    <subfield code="r">2024-03-04 00:00:00</subfield>
    <subfield code="s">2024-02-21</subfield>
    <subfield code="v">437.50</subfield>
    <subfield code="w">2014-08-05</subfield>
    <subfield code="y">BK</subfield>
  </datafield>
  <datafield tag="952" ind1=" " ind2=" ">
    <subfield code="0">0</subfield>
    <subfield code="1">0</subfield>
    <subfield code="2">ddc</subfield>
    <subfield code="4">0</subfield>
    <subfield code="7">0</subfield>
    <subfield code="8">BTECHCSE</subfield>
    <subfield code="a">PIET</subfield>
    <subfield code="b">PIET</subfield>
    <subfield code="d">2014-08-26</subfield>
    <subfield code="e">Orange Books International</subfield>
    <subfield code="g">625.00</subfield>
    <subfield code="k">4603</subfield>
    <subfield code="l">5</subfield>
    <subfield code="o">005.43 DHO</subfield>
    <subfield code="p">24827</subfield>
    <subfield code="r">2026-04-24 15:37:57</subfield>
    <subfield code="s">2026-04-10</subfield>
    <subfield code="v">437.50</subfield>
    <subfield code="w">2014-08-05</subfield>
    <subfield code="y">BK</subfield>
  </datafield>
  <datafield tag="952" ind1=" " ind2=" ">
    <subfield code="0">0</subfield>
    <subfield code="1">0</subfield>
    <subfield code="2">ddc</subfield>
    <subfield code="4">0</subfield>
    <subfield code="7">0</subfield>
    <subfield code="8">BTECHCSE</subfield>
    <subfield code="a">PIET</subfield>
    <subfield code="b">PIET</subfield>
    <subfield code="d">2014-08-26</subfield>
    <subfield code="e">Orange Books International</subfield>
    <subfield code="g">625.00</subfield>
    <subfield code="k">4603</subfield>
    <subfield code="l">8</subfield>
    <subfield code="o">005.43 DHO</subfield>
    <subfield code="p">24828</subfield>
    <subfield code="q">2026-08-10</subfield>
    <subfield code="r">2026-01-22 00:00:00</subfield>
    <subfield code="s">2026-01-22</subfield>
    <subfield code="v">437.50</subfield>
    <subfield code="w">2014-08-05</subfield>
    <subfield code="y">BK</subfield>
  </datafield>
  <datafield tag="952" ind1=" " ind2=" ">
    <subfield code="0">0</subfield>
    <subfield code="1">0</subfield>
    <subfield code="2">ddc</subfield>
    <subfield code="4">0</subfield>
    <subfield code="7">0</subfield>
    <subfield code="8">BTECHCSE</subfield>
    <subfield code="a">PIET</subfield>
    <subfield code="b">PIET</subfield>
    <subfield code="d">2014-08-26</subfield>
    <subfield code="e">Orange Books International</subfield>
    <subfield code="g">625.00</subfield>
    <subfield code="k">4603</subfield>
    <subfield code="l">1</subfield>
    <subfield code="o">005.43 DHO</subfield>
    <subfield code="p">24829</subfield>
    <subfield code="q">2020-11-20</subfield>
    <subfield code="r">2020-11-06 00:00:00</subfield>
    <subfield code="s">2020-11-06</subfield>
    <subfield code="v">437.50</subfield>
    <subfield code="w">2014-08-05</subfield>
    <subfield code="y">BK</subfield>
  </datafield>
  <datafield tag="952" ind1=" " ind2=" ">
    <subfield code="0">0</subfield>
    <subfield code="1">0</subfield>
    <subfield code="2">ddc</subfield>
    <subfield code="4">0</subfield>
    <subfield code="7">0</subfield>
    <subfield code="8">BTECHCSE</subfield>
    <subfield code="a">PIET</subfield>
    <subfield code="b">PIET</subfield>
    <subfield code="d">2014-08-26</subfield>
    <subfield code="e">Orange Books International</subfield>
    <subfield code="g">625.00</subfield>
    <subfield code="k">4603</subfield>
    <subfield code="l">6</subfield>
    <subfield code="o">005.43 DHO</subfield>
    <subfield code="p">24830</subfield>
    <subfield code="r">2026-06-01 13:34:29</subfield>
    <subfield code="s">2026-05-18</subfield>
    <subfield code="v">437.50</subfield>
    <subfield code="w">2014-08-05</subfield>
    <subfield code="y">BK</subfield>
  </datafield>
</record>
